<?xml version="1.0" encoding="UTF-8"?><OAI-PMH xmlns="http://www.openarchives.org/OAI/2.0/" xmlns:xsi="http://www.w3.org/2001/XMLSchema-instance"     xsi:schemaLocation="http://www.openarchives.org/OAI/2.0/ http://www.openarchives.org/OAI/2.0/OAI-PMH.xsd"><responseDate>2026-05-15T23:24:24Z</responseDate><request verb="GetRecord" identifier="oai:regmurcia.com:fintegr.1331" metadataPrefix="marc21">http://oai.regmurcia.com/oai2/oai2.php</request><GetRecord><record><header><identifier>oai:regmurcia.com:fintegr.1331</identifier><datestamp>2026-05-16</datestamp><setSpec>documentos</setSpec></header><metadata><record  xmlns="http://www.loc.gov/MARC21/slim" xmlns:xsi="http://www.w3.org/2001/XMLSchema-instance" xsi:schemaLocation="http://www.loc.gov/MARC21/slim http://www.loc.gov/standards/marcxml/schema/MARC21slim.xsd" type="Bibliographic"><leader>00000nam a2200000   4500</leader><controlfield tag="001" >005072831</controlfield><controlfield tag="003" >1331</controlfield><controlfield tag="004" >A00000000</controlfield><datafield tag="245" ind1=" " ind2=" "><subfield code="a">Expediente de procesos judiciales resueltos por el alcalde Martín de Gante entre los años 1501 y 1504.</subfield></datafield><datafield tag="300" ind1=" " ind2=" "><subfield code="c">310 x 220 mm.</subfield></datafield><datafield tag="300" ind1=" " ind2=" "><subfield code="a">21 fol.</subfield></datafield><datafield tag="351" ind1=" " ind2=" "><subfield code="a">Unidad Documental</subfield><subfield code="c">Archivo de Murcia. Array</subfield><subfield code="a">Unidad Documental</subfield><subfield code="c">Archivo de Murcia. Array</subfield></datafield><datafield tag="351" ind1=" " ind2=" "><subfield code="b">Nº 5</subfield></datafield><datafield tag="506" ind1=" " ind2=" "><subfield code="a">Acceso restringido</subfield></datafield><datafield tag="520" ind1=" " ind2=" "><subfield code="a">El documento contiene:&lt;/br&gt;- Proceso contra Isabel Méndez, acusada de haber calumniado a Catalina Ruiz. Es condenada a pagar la pena de la calumnia. (1501-3-22/1502-11-28. Murcia). Fol. 1r-2r&lt;/br&gt;- Proceso contra Pedro Ormín, acusado de haber calumniado y amenazado a Juana de Miralles. Es condenado a pagar la pena de la calumnia. (1501-11-22/1501-12-3. Murcia). Fol. 3r-v&lt;/br&gt;- Proceso contra Francisco Valiente, acusado de haber atacado a Juan de Miñón. Es condenado a pagar 100 maravedís para la obra del azud y a serle requisada la espada con la que atacó a éste. (1501-11-25/1501-12-3. Murcia). Fol. 4r-v&lt;/br&gt;- Proceso contra Martín de Oñate y su criado Sancho de Lezcano, acusados de haber atacado a Francisco de Aguilar. (1501-9-2/1501-9-13. Murcia). Fol. 5r-v&lt;/br&gt;- Proceso contra Diego Alonso, acusado de haber calumniado y agredido a Diego de Ávila. Es condenado a destierro durante 15 días. (1501-2-1/1501-2-24. Murcia). Fol. 7r-v&lt;/br&gt;- Proceso contra Gonzalo Gallego, acusado de apuñalar a un mancebo de Mula llamado Pedro. Es condenado a destierro durante 2 meses. (1502-3-17. Murcia). Fol. 8r-v&lt;/br&gt;- Proceso contra Violante Rodríguez y Francisco Osete, rufián. Condenados a destierro durante el tiempo que estime el alcalde. (Incompleto. ?/?-?-26. Murcia). Fol. 9r-v &lt;/br&gt;- Proceso contra el maestre Alfonso Guiallero, acusado de no querer pagar el diezmo a Francisco Bruenete. (1503-8-15/1503-8-25. Murcia). Fol. 10r-11r&lt;/br&gt;- Proceso contra Juan de Jaén, acusado de acuchillar a Francisco de Zamora. Es condenado a pagar 150 maravedís. (1501-5-26/1501-6-2. Murcia). Fol. 12r-13v&lt;/br&gt;- Proceso contra Diego de San Martín, acusado de agredir con una daga a Alfonso Caparrós. Es condenado a pagar 240 maravedís para la obra del azud. (1501-12-24/1502-1-9. Murcia). Fol. 14r-15v&lt;/br&gt;- Proceso contra Juan Monzón, acusado de acuchillar a Gonzalo Riquelme. Es condenado a destierro por el tiempo que haga falta. (1501-11-6/1501-11-18. Murcia). Fol. 16r-17v&lt;/br&gt;- Proceso contra Miguel de Trujillo, acusado de apalear a su hijo. Es condenado a pagar el dinero correspondiente a esta pena. (1504-7-23. Murcia). Fol. 18r-19r&lt;/br&gt;- Proceso contra Miguel Sánchez, acusado de agredir a Francisco Jaimez. Es condenado a pagar el dinero correspondiente a esta pena. (1504-6-18. Murcia). Fol. 20r-21r</subfield></datafield><datafield tag="583" ind1=" " ind2=" "><subfield code="u">http://www.regmurcia.com/servlet/s.Sl?METHOD=VERDOCUMENTO&amp;sit=serv,Carmesi&amp;n=/01/1554/indice.djvu</subfield></datafield><datafield tag="592" ind1=" " ind2=" "><subfield code="a">1501/1504</subfield></datafield><datafield tag="592" ind1=" " ind2=" "><subfield code="d">1504-12-31 00:00:00</subfield></datafield><datafield tag="651" ind1=" " ind2=" "><subfield code="a">Murcia</subfield></datafield><datafield tag="786" ind1=" " ind2=" "><subfield code="o">http://www.regmurcia.com/servlet/s.Sl?METHOD=VERDOCUMENTO&amp;sit=serv,Carmesi&amp;n=/01/1554/indice.djvu</subfield></datafield><datafield tag="856" ind1=" " ind2=" "><subfield code="u">http://www.regmurcia.com/servlet/s.Sl?METHOD=DETALLE&amp;sit=c,373,m,139,serv,Carmesi&amp;id=1331</subfield></datafield></record></metadata></record></GetRecord></OAI-PMH>
